000 00546nam a2200169 i 4500
001 112371
003 ES-MaACL
005 20230906185522.0
007 t|
008 061121s1904 sp r ||||1| spa d
100 1 _aMuñoz García, Eduardo.
_984421
245 1 0 _aNulidad del consurso regio
_b: cuestión y memoria presentada al mismo /
_cpor Eduardo Muñoz García.
260 _aTarragona :
_b[s.n.],
_c1904 (
_fTip. Tarraconense)
300 _a94 p. ;
_c21 cm.
650 0 4 _aAgricultura-
_zAndalucía.
_99671
852 _aES-MaACL
_jT-1036-F-1
999 _c112371
_d112371